000 00337nam a2200145Ia 4500
008 240401s2022 xx und d
041 _aeng
082 _a615/YAD
245 _aPHARMACOLOGY -I
250 _a2
260 _aPUNE
_bNIRALI PRAKASHAN
_c2022
300 _aP.B/6.24
650 _aPHARMACOLOGY
650 _aPHARMACOLOGY -I
999 _c1152134
_d1152134